000 00691cam a2200241 a 4500
001 000005300
005 20200929151634.0
008 791217s2000 sp 001 0 spa
020 _a8466300686
040 _aDO-SdBNP
_bspa
_cBNPHU
082 _aA863.4
_bC827u, 2000
100 1 _aCortázar, Julio, 
_d1914-1984
_910688
245 1 3 _aUn tal Lucas /
_cJulio Cortázar.
250 _a2a ed.
260 _a[Madrid] :
_bSuma de letras,
_c2000.
300 _a188 p. ;
_c18 cm.
490 1 _aPunto de lectura
_v79
650 4 _aCuentos argentinos
_93752
650 4 _aLiteratura argentina
_93860
830 0 _aPunto de lectura ;
_v79
_93047
910 _aCatalogación derivada
910 _aWM
999 _c5101
_d5101